[Event "Mazowiec-chT op 2013"]
[Site "Poland"]
[Date "2013.10.06"]
[Round "3.13"]
[White "Maj, Pawel"]
[Black "Bajkowski, Marcin"]
[Result "1/2-1/2"]
[WhiteElo "1732"]
[BlackElo "1850"]
[PlyCount "108"]
[EventDate "2013.09.29"]
[EventType "team-swiss"]
[EventRounds "10"]
[EventCountry "POL"]
[SourceTitle "EXT 2019"]
[Source "ChessBase"]
[SourceDate "2018.10.10"]
[SourceVersion "1"]
[SourceVersionDate "2018.10.10"]
[SourceQuality "1"]

1. e4 c6 2. d4 d5 3. exd5 cxd5 4. Bd3 Nc6 5. c3 Nf6 6. Bf4 e6 7. Nf3 Bd6 8. Bg3 0-0 9. Nbd2 a6 10. Ne5 Qc7 11. Ndf3 Bd7 12. 0-0 b5 13. a3 Ne4 14. Re1 f5 15. Nxc6 Bxc6 16. Bxd6 Qxd6 17. Ne5 Rf6 18. f3 Ng5 19. Qd2 f4 20. Ng4 Rff8 21. Qe2 h5 22. Qe5 Qxe5 23. Nxe5 Be8 24. h4 Nh7 25. Re2 Rf6 26. Rae1 Nf8 27. Bc2 Ra7 28. Nd3 Bg6 29. Nc5 Bxc2 30. Rxc2 Kf7 31. Rce2 a5 32. Re5 Rh6 33. Nd3 Rf6 34. Rxh5 Ng6 35. Kf2 Ra8 36. Nc5 Ra7 37. a4 b4 38. cxb4 axb4 39. b3 Rc7 40. a5 Ne7 41. Nd3 Ra7 42. Ra1 Nf5 43. Ne5+ Kg8 44. Nc6 Ra8 45. a6 Rf7 46. a7 Rc7 47. Ra6 Rxc6 48. Rxc6 Rxa7 49. Rxe6 Nxd4 50. Rb6 Ra2+ 51. Ke1 Rxg2 52. Rxb4 Nc2+ 53. Kf1 Ne3+ 54. Ke1 Nc2+ 1/2-1/2

[Event "Polanica Zdroj op-D 49th"]
[Site "Polanica Zdroj"]
[Date "2013.08.22"]
[Round "6"]
[White "Bajkowski, Marcin"]
[Black "Kaczmarska, Joanna"]
[Result "1-0"]
[WhiteElo "1831"]
[BlackElo "1665"]
[PlyCount "151"]
[EventDate "2013.08.17"]
[EventType "swiss"]
[EventRounds "9"]
[EventCountry "POL"]
[SourceTitle "EXT 2014"]
[Source "ChessBase"]
[SourceDate "2013.11.20"]
[SourceVersion "1"]
[SourceVersionDate "2013.11.20"]
[SourceQuality "1"]

1. d4 d5 2. c4 e6 3. Nc3 Nf6 4. cxd5 exd5 5. Bg5 Nbd7 6. e3 Be7 7. Bd3 0-0 8. Nge2 Re8 9. 0-0 Nf8 10. Qc2 h6 11. Bh4 c6 12. Rae1 Nh5 13. Bxe7 Rxe7 14. a3 b6 15. Ng3 Nxg3 16. hxg3 Bb7 17. b4 Rc8 18. Bf5 Ne6 19. Na4 Qe8 20. Rc1 Ba6 21. Rfd1 g6 22. Bd3 Bxd3 23. Rxd3 Ng5 24. Rc3 Rec7 25. f3 Qd7 26. Kf2 Ne6 27. Qb3 Qd6 28. Rd1 Ng5 29. Rc2 Qf6 30. Nc3 Qf5 31. g4 Qf6 32. Rdc1 Ne4+ 33. Nxe4 dxe4 34. Rh1 g5 35. Ke2 exf3+ 36. gxf3 c5 37. bxc5 bxc5 38. d5 Qa6+ 39. Qc4 Qxc4+ 40. Rxc4 Kg7 41. Rb1 Rd8 42. e4 Kf6 43. Rb5 Rdc8 44. Ra5 Ke5 45. Ke3 Kd6 46. Ra6+ Ke5 47. Rxh6 Rb8 48. Rc3 c4 49. Rh1 Rb3 50. Rhc1 Rxc3+ 51. Rxc3 f6 52. a4 a5 53. Rc1 Rc5 54. Rb1 Kd6 55. Kd4 Rc8 56. Rb6+ Kd7 57. Kc3 Ke7 58. Rb5 Kd6 59. Rxa5 Ke5 60. Ra6 Rf8 61. Kxc4 Kf4 62. d6 Kxf3 63. Kd5 Kxg4 64. d7 Rd8 65. Ke6 Kf4 66. Ke7 Rh8 67. d8Q Rxd8 68. Kxd8 Kxe4 69. Rxf6 g4 70. a5 g3 71. a6 g2 72. Rg6 Kf3 73. a7 Kf2 74. a8Q g1Q 75. Qa7+ Kf3 76. Rxg1 1-0

[Event "Polanica Zdroj op-D 49th"]
[Site "Polanica Zdroj"]
[Date "2013.08.21"]
[Round "5"]
[White "Jarmuzynska, Kamila"]
[Black "Bajkowski, Marcin"]
[Result "0-1"]
[WhiteElo "1763"]
[BlackElo "1831"]
[PlyCount "109"]
[EventDate "2013.08.17"]
[EventType "swiss"]
[EventRounds "9"]
[EventCountry "POL"]
[SourceTitle "EXT 2014"]
[Source "ChessBase"]
[SourceDate "2013.11.20"]
[SourceVersion "1"]
[SourceVersionDate "2013.11.20"]
[SourceQuality "1"]

1. f4 d5 2. Nf3 Nf6 3. g3 c5 4. Bg2 Nc6 5. d3 g6 6. 0-0 Bg7 7. e3 0-0 8. Nc3 Bg4 9. h3 Bxf3 10. Qxf3 e6 11. a3 Qe7 12. g4 Rad8 13. Ne2 e5 14. Ng3 exf4 15. Qxf4 Ne8 16. Rb1 Be5 17. Qf3 Ng7 18. b4 cxb4 19. axb4 Qc7 20. Ne2 f5 21. g5 Ne7 22. d4 Bh2+ 23. Kh1 Bd6 24. c3 Ne6 25. h4 Qd7 26. Nf4 Bb8 27. Ba3 Rfe8 28. b5 Nxf4 29. exf4 Nc8 30. h5 Nb6 31. Rbe1 Re4 32. Qh3 Nc4 33. Bxe4 dxe4 34. Bc5 b6 35. Bb4 Qb7 36. hxg6 hxg6 37. Qh6 Qg7 38. Qxg7+ Kxg7 39. Be7 Rh8+ 40. Kg2 Rh4 41. Bf6+ Kf7 42. Be5 Bxe5 43. dxe5 Rg4+ 44. Kh3 Nd2 45. Rf2 Nf3 46. Ra1 Rxf4 47. Rxa7+ Ke6 48. Rc7 e3 49. Ra2 Nxg5+ 50. Kg2 Rg4+ 51. Kf1 f4 52. Ra8 Kxe5 53. Re8+ Kd5 54. Rd7+ Kc4 55. Ra8 0-1

[Event "Polanica Zdroj op-D 49th"]
[Site "Polanica Zdroj"]
[Date "2013.08.20"]
[Round "4"]
[White "Bajkowski, Marcin"]
[Black "Zielinski, Marcin"]
[Result "1-0"]
[WhiteElo "1831"]
[BlackElo "1603"]
[PlyCount "89"]
[EventDate "2013.08.17"]
[EventType "swiss"]
[EventRounds "9"]
[EventCountry "POL"]
[SourceTitle "EXT 2014"]
[Source "ChessBase"]
[SourceDate "2013.11.20"]
[SourceVersion "1"]
[SourceVersionDate "2013.11.20"]
[SourceQuality "1"]

1. d4 d5 2. c4 e6 3. Nc3 Nf6 4. cxd5 exd5 5. Bg5 Be7 6. Qc2 c6 7. e3 Nbd7 8. Bd3 0-0 9. Nge2 h6 10. Bh4 Ne8 11. Bxe7 Qxe7 12. 0-0 Nd6 13. Ng3 Nf6 14. Rae1 Bd7 15. f3 b6 16. e4 dxe4 17. fxe4 Nb5 18. Nxb5 cxb5 19. e5 Nd5 20. Qe2 Qh4 21. Qe4 Qxe4 22. Nxe4 Nb4 23. Bb1 Be6 24. a3 Nc6 25. Rd1 Bb3 26. Rd2 b4 27. Rc1 bxa3 28. Rxc6 a2 29. Bxa2 Bxa2 30. Nc3 Bb3 31. Kf2 Rac8 32. d5 Rxc6 33. dxc6 Rc8 34. Rd6 Bc4 35. Ke3 Kf8 36. Kd4 Bf1 37. g3 Ke8 38. b4 Bg2 39. Nd5 Bxd5 40. Kxd5 a5 41. bxa5 bxa5 42. Kc5 Rd8 43. c7 Rc8 44. Kb6 a4 45. Kb7 1-0

[Event "Polanica Zdroj op-D 49th"]
[Site "Polanica Zdroj"]
[Date "2013.08.19"]
[Round "3"]
[White "Szpargala, Lukasz"]
[Black "Bajkowski, Marcin"]
[Result "0-1"]
[WhiteElo "1520"]
[BlackElo "1831"]
[PlyCount "96"]
[EventDate "2013.08.17"]
[EventType "swiss"]
[EventRounds "9"]
[EventCountry "POL"]
[SourceTitle "EXT 2014"]
[Source "ChessBase"]
[SourceDate "2013.11.20"]
[SourceVersion "1"]
[SourceVersionDate "2013.11.20"]
[SourceQuality "1"]

1. e4 d5 2. exd5 Nf6 3. Nc3 Nxd5 4. Nf3 Bg4 5. Bc4 c6 6. h3 Bxf3 7. Qxf3 e6 8. 0-0 Be7 9. Re1 0-0 10. Ne2 Nd7 11. d4 N7b6 12. Bb3 a5 13. a4 Qd7 14. c3 Rfe8 15. Ng3 Nf6 16. Bg5 Nbd5 17. Re2 h6 18. Bd2 Nh7 19. Rae1 Bg5 20. Ne4 Bxd2 21. Rxd2 Qd8 22. Rde2 Ng5 23. Nxg5 Qxg5 24. Re5 Qf6 25. Qg3 Kf8 26. Bc2 b5 27. axb5 cxb5 28. b3 Rac8 29. c4 bxc4 30. bxc4 Rxc4 31. Be4 Nc3 32. Bd3 Rxd4 33. Bb5 Nxb5 34. Rxb5 a4 35. Reb1 Red8 36. Rb8 g6 37. Qc3 Kg7 38. Rxd8 Rxd8 39. Qa3 Rd2 40. f3 Qd4+ 41. Kh1 e5 42. Re1 h5 43. Qc1 Qf2 44. Rg1 Rc2 45. Qa1 Qd4 46. Qb1 Rb2 47. Qc1 a3 48. Qa1 a2 0-1

[Event "Mazowiec-chT 1112"]
[Site "Poland"]
[Date "2012.02.26"]
[Round "10.5"]
[White "Stefanoff, Zdzislaw"]
[Black "Bajkowski, Marcin"]
[Result "0-1"]
[WhiteElo "1543"]
[BlackElo "1825"]
[PlyCount "136"]
[EventDate "2012.01.08"]
[EventType "team-tourn"]
[EventRounds "10"]
[EventCountry "POL"]
[SourceTitle "EXT 2019"]
[Source "ChessBase"]
[SourceDate "2018.10.10"]
[SourceVersion "1"]
[SourceVersionDate "2018.10.10"]
[SourceQuality "1"]

1. d4 d5 2. c4 c6 3. Nc3 Nf6 4. Bg5 Nbd7 5. e3 e6 6. a3 Be7 7. Nf3 h6 8. Bh4 0-0 9. Qc2 Nh7 10. Bxe7 Qxe7 11. Bd3 f5 12. 0-0 Ng5 13. Nxg5 Qxg5 14. f4 Qh5 15. Rf3 Nf6 16. Rh3 Qg6 17. Rg3 Qh7 18. cxd5 exd5 19. Na4 Ne4 20. Rf3 Be6 21. Nc5 Nxc5 22. Qxc5 Qg6 23. Rg3 Qf6 24. Rc1 Bd7 25. Qc2 Rae8 26. Re1 Re7 27. Qd2 Be8 28. Qd1 Bg6 29. Qa4 a6 30. Qc2 Kf7 31. Qc5 Rfe8 32. Qc1 Qxd4 33. Qd2 Qc5 34. b4 Qd6 35. Qc3 Qf6 36. Qxf6+ Kxf6 37. Rh3 Rc8 38. Rc1 c5 39. Kf1 c4 40. Be2 b5 41. Kf2 Rd8 42. Rd1 a5 43. a4 Be8 44. axb5 Bxb5 45. bxa5 Ra7 46. Ra1 Rda8 47. Bf3 Bc6 48. Rb1 Rxa5 49. Rb6 Rc8 50. g4 fxg4 51. Bxg4 Rc7 52. Rh5 Ra2+ 53. Kg3 Ke7 54. Re5+ Kd6 55. Re6+ Kc5 56. Rb8 c3 57. Rb1 c2 58. Rc1 Kc4 59. e4 dxe4 60. Rd6 Kc3 61. Rdd1 Kb2 62. Re1 Ra3+ 63. Kh4 Rd7 64. Bxd7 Bxd7 65. Kh5 Bf5 66. h4 e3 67. Ra1 Bg4+ 68. Kxg4 Rxa1 0-1

[Event "POL-chT3 Mazowiecki"]
[Site "Warsaw"]
[Date "2011.03.20"]
[Round "9.21"]
[White "Bajkowski, Marcin"]
[Black "Parol, Pawel"]
[Result "1-0"]
[WhiteElo "1821"]
[BlackElo "1860"]
[PlyCount "139"]
[EventDate "2011.01.09"]
[EventType "team-tourn"]
[EventRounds "10"]
[EventCountry "POL"]
[SourceTitle "EXT 2015"]
[Source "ChessBase"]
[SourceDate "2014.11.20"]
[SourceVersion "1"]
[SourceVersionDate "2014.11.20"]
[SourceQuality "1"]
[WhiteTeam "Chylice UKS Szachylice"]
[BlackTeam "Minsk Mazowiecki MTSz"]
[WhiteTeamCountry "POL"]
[BlackTeamCountry "POL"]

1. d4 d5 2. Bg5 Nf6 3. c3 c6 4. Nd2 Bf5 5. Qb3 Qb6 6. Bxf6 gxf6 7. f3 Bh6 8. g3 e5 9. Bh3 Bxh3 10. Nxh3 exd4 11. Qxb6 axb6 12. cxd4 Be3 13. Nb3 Ra4 14. a3 Na6 15. Rd1 0-0 16. Nf4 Re8 17. Nh5 Re6 18. Rd3 Bh6 19. f4 f5 20. h3 Nc7 21. g4 fxg4 22. hxg4 Bg7 23. Kf2 Nb5 24. e3 Nd6 25. Kf3 Ne4 26. Rh2 Ra8 27. Nd2 Rae8 28. Rb3 Bh8 29. Nxe4 Rxe4 30. Ng3 R4e6 31. Nf5 b5 32. a4 bxa4 33. Rxb7 Bg7 34. Ra7 c5 35. dxc5 Bf8 36. Rxa4 Bxc5 37. Re2 Rb6 38. Ra5 Rc6 39. Rb5 Rd8 40. Rc2 Rdc8 41. b4 Bf8 42. Rxc6 Rxc6 43. Rb8 Re6 44. Ke2 Re4 45. b5 f6 46. b6 Kf7 47. b7 Rb4 48. Nd4 Rb6 49. f5 h6 50. Ne6 Bd6 51. Rh8 Be5 52. Rxh6 Rb2+ 53. Kf3 Ke8 54. Rh7 Bd6 55. g5 fxg5 56. Nxg5 Rb1 57. Ne6 Rf1+ 58. Kg4 Rg1+ 59. Kh5 Rh1+ 60. Kg6 Rxh7 61. Kxh7 Kf7 62. Nd4 Be5 63. Kh6 Kf6 64. Kh5 Bc7 65. Kg4 Bh2 66. Nc6 Bc7 67. b8Q Bxb8 68. Nxb8 Ke5 69. Kg5 Ke4 70. Nc6 1-0

[Event "POL-chT3 Mazowiecki"]
[Site "Warsaw"]
[Date "2011.01.23"]
[Round "3.21"]
[White "Choroszej, Aleksander"]
[Black "Bajkowski, Marcin"]
[Result "1/2-1/2"]
[WhiteElo "2074"]
[BlackElo "1821"]
[PlyCount "86"]
[EventDate "2011.01.09"]
[EventType "team-tourn"]
[EventRounds "10"]
[EventCountry "POL"]
[SourceTitle "EXT 2015"]
[Source "ChessBase"]
[SourceDate "2014.11.20"]
[SourceVersion "1"]
[SourceVersionDate "2014.11.20"]
[SourceQuality "1"]
[WhiteTeam "Otwock UKS MDK"]
[BlackTeam "Chylice UKS Szachylice"]
[WhiteTeamCountry "POL"]
[BlackTeamCountry "POL"]

1. d4 d5 2. c4 c6 3. Nc3 Nf6 4. e3 Bf5 5. cxd5 Nxd5 6. Qb3 Nxc3 7. bxc3 Qb6 8. f3 Nd7 9. e4 Qxb3 10. axb3 Bg6 11. Be3 e6 12. Nh3 Bd6 13. Kd2 a6 14. e5 Bc7 15. b4 0-0-0 16. Kc1 f6 17. f4 Rhf8 18. Kb2 Nb6 19. Be2 Nd5 20. Bd2 fxe5 21. fxe5 Bf5 22. Ng5 h6 23. Nf3 Be4 24. Rhf1 Nf4 25. Bxf4 Rxf4 26. Nd2 Rxf1 27. Rxf1 Bxg2 28. Rg1 Bh3 29. Rxg7 Bxe5 30. Rh7 Bf5 31. Rf7 Bxh2 32. Nc4 Bc7 33. Ne3 Rg8 34. Bc4 Bh3 35. Rf6 h5 36. Rxe6 Rg3 37. Re4 Bf4 38. Rxf4 Rxe3 39. Rh4 Bg4 40. Bf7 Re2+ 41. Kc1 Rf2 42. Bxh5 Bf5 43. Bg4 Bxg4 1/2-1/2